[Event "Warsaw-ch opA 65th"]
[Site "Warsaw"]
[Date "2012.05.30"]
[Round "5"]
[White "Lasota, Adam"]
[Black "Kaliszewski, Tomasz"]
[Result "0-1"]
[WhiteElo "1875"]
[BlackElo "2060"]
[PlyCount "102"]
[EventDate "2012.05.26"]
[EventType "swiss"]
[EventRounds "9"]
[EventCountry "POL"]
[SourceTitle "CBM 148 Extra"]
[Source "ChessBase"]
[SourceDate "2012.06.22"]
[SourceVersion "1"]
[SourceVersionDate "2012.06.22"]
[SourceQuality "1"]

1. d4 Nf6 2. Bf4 c5 3. e3 e6 4. c3 b6 5. Nf3 Bb7 6. Nbd2 Be7 7. h3 Nc6 8. Be2 Rc8 9. 0-0 0-0 10. Nc4 cxd4 11. exd4 d6 12. a4 d5 13. Nce5 Nxe5 14. Nxe5 a6 15. Re1 Bd6 16. Bd3 Ne4 17. Bh2 f6 18. Nf3 Bxh2+ 19. Nxh2 Re8 20. Qe2 Qc7 21. Qc2 h6 22. f3 Nd6 23. Bg6 Re7 24. Ng4 Nc4 25. b3 Nd6 26. Rac1 b5 27. b4 a5 28. bxa5 Qxa5 29. axb5 Nxb5 30. Ra1 Qxc3 31. Qxc3 Nxc3 32. Bd3 Kf7 33. Kf2 Bc6 34. Rec1 Be8 35. Re1 Bb5 36. Re3 h5 37. Nh2 e5 38. Bxb5 Nxb5 39. dxe5 fxe5 40. Nf1 Nd4 41. Ng3 g6 42. Ra5 Rc2+ 43. Ne2 Nf5 44. Rc3 Rxc3 45. Nxc3 d4 46. Ne4 Ne3 47. g4 h4 48. Ra8 Rc7 49. Rh8 Rc2+ 50. Ke1 d3 51. Rd8 Re2# 0-1

[Event "Warsaw-ch opA 65th"]
[Site "Warsaw"]
[Date "2012.05.29"]
[Round "4"]
[White "Kaliszewski, Tomasz"]
[Black "Spicak, Krzysztof"]
[Result "1-0"]
[WhiteElo "2060"]
[BlackElo "2016"]
[PlyCount "161"]
[EventDate "2012.05.26"]
[EventType "swiss"]
[EventRounds "9"]
[EventCountry "POL"]
[SourceTitle "CBM 148 Extra"]
[Source "ChessBase"]
[SourceDate "2012.06.22"]
[SourceVersion "1"]
[SourceVersionDate "2012.06.22"]
[SourceQuality "1"]

1. e4 g6 2. d4 Bg7 3. Nc3 d6 4. f4 Nf6 5. Nf3 c6 6. Be2 0-0 7. 0-0 Bg4 8. Be3 d5 9. e5 Ne8 10. Kh1 e6 11. Qd2 Bxf3 12. Bxf3 f5 13. exf6 Bxf6 14. Bg4 Ng7 15. Rae1 Qd6 16. Nd1 Nd7 17. Nf2 Nf5 18. Nd3 Bg7 19. Bg1 Rae8 20. c3 Nf6 21. Bf3 Nh4 22. Bd1 Ne4 23. Qe3 Nf5 24. Qh3 b6 25. Ne5 c5 26. Bc2 Nd2 27. Rf2 Nc4 28. Nxc4 dxc4 29. dxc5 bxc5 30. Rfe2 Qxf4 31. Bxc5 Rf7 32. Ba4 Rc8 33. Bg1 e5 34. b3 g5 35. Rf2 Qh4 36. Qxh4 Nxh4 37. Rxf7 Kxf7 38. Bxa7 Ra8 39. Be3 h6 40. Rf1+ Ke6 41. Bb5 cxb3 42. axb3 e4 43. Bc4+ Kd6 44. Rd1+ Kc7 45. Bd5 Ra2 46. c4 Re2 47. Bg1 Bc3 48. Bc5 Be5 49. Rg1 g4 50. b4 Nf3 51. Rd1 Nxh2 52. b5 e3 53. b6+ Kd8 54. Bf3+ Rd2 55. Bxe3 Rxd1+ 56. Bxd1 h5 57. Be2 Kc8 58. c5 Kb7 59. Bb5 g3 60. c6+ Kb8 61. c7+ Bxc7 62. bxc7+ Kxc7 63. Bf4+ Kb6 64. Bxg3 Ng4 65. Be2 Kc5 66. Bxg4 hxg4 67. Kg1 Kd4 68. Kf2 Ke4 69. Bc7 Kf5 70. Ke3 Kg6 71. Kf4 g3 72. Kxg3 Kg5 73. Bd8+ Kg6 74. Kg4 Kg7 75. Kg5 Kf7 76. g4 Kg7 77. Kh5 Kh7 78. g5 Kg7 79. g6 Kh8 80. Kh6 Kg8 81. g7 1-0

[Event "Warsaw-ch opA 64th"]
[Site "Warsaw"]
[Date "2011.05.15"]
[Round "9"]
[White "Sielicki, Tomasz"]
[Black "Kaliszewski, Tomasz"]
[Result "0-1"]
[WhiteElo "2026"]
[BlackElo "2056"]
[PlyCount "132"]
[EventDate "2011.05.07"]
[EventType "swiss"]
[EventRounds "9"]
[EventCountry "POL"]
[SourceTitle "CBM 142 Extra"]
[Source "ChessBase"]
[SourceDate "2011.06.27"]
[SourceVersion "1"]
[SourceVersionDate "2011.06.27"]
[SourceQuality "1"]

1. d4 Nf6 2. Bg5 e6 3. e3 b6 4. Nd2 Bb7 5. Ngf3 c5 6. Bd3 h6 7. Bh4 Be7 8. Bxf6 Bxf6 9. Qe2 0-0 10. 0-0-0 d5 11. c3 Nc6 12. h4 e5 13. dxe5 Nxe5 14. Nxe5 Bxe5 15. Qh5 Re8 16. g4 d4 17. Rhg1 dxc3 18. Nc4 cxb2+ 19. Kb1 Qf6 20. f4 g6 21. g5 Qe6 22. gxh6 Bg7 23. Qe2 Be4 24. hxg7 Qxc4 25. Qc2 Bxd3 26. Qxd3 Qxd3+ 27. Rxd3 Rad8 28. Rxd8 Rxd8 29. Kxb2 Kxg7 30. h5 Kf6 31. hxg6 fxg6 32. Kc3 Rh8 33. Rg3 Rh2 34. a4 Ra2 35. Kb3 Ra1 36. Rh3 Re1 37. Kc4 Kf5 38. Kb5 Ra1 39. Rg3 Kf6 40. Rg5 Rb1+ 41. Ka6 c4 42. Rd5 Ke6 43. Rd4 Rb4 44. Kxa7 Kf5 45. Kb7 Rxa4 46. Kxb6 Ra3 47. Rxc4 Rxe3 48. Kc5 Re4 49. Rc1 Kxf4 50. Kd5 Re3 51. Rc6 g5 52. Kd4 Re7 53. Rf6+ Kg3 54. Kd3 g4 55. Rg6 Kf3 56. Rf6+ Kg2 57. Kd2 g3 58. Rg6 Kf2 59. Rf6+ Kg1 60. Rg6 g2 61. Rg8 Re5 62. Kd3 Kf2 63. Rf8+ Kg3 64. Rg8+ Kf3 65. Kd4 Re1 66. Rf8+ Ke2 0-1

[Event "POL-chT3 Mazowiecki"]
[Site "Warsaw"]
[Date "2011.03.20"]
[Round "9.32"]
[White "Szwaj, Jacek"]
[Black "Kaliszewski, Tomasz"]
[Result "1/2-1/2"]
[WhiteElo "1938"]
[BlackElo "2074"]
[PlyCount "99"]
[EventDate "2011.01.09"]
[EventType "team-tourn"]
[EventRounds "10"]
[EventCountry "POL"]
[SourceTitle "EXT 2015"]
[Source "ChessBase"]
[SourceDate "2014.11.20"]
[SourceVersion "1"]
[SourceVersionDate "2014.11.20"]
[SourceQuality "1"]
[WhiteTeam "Warszawa Entropia II"]
[BlackTeam "Warszawa KU AZS UW w III"]
[WhiteTeamCountry "POL"]
[BlackTeamCountry "POL"]

1. e4 e5 2. Nf3 Nc6 3. Bb5 a6 4. Ba4 Nf6 5. 0-0 Be7 6. Re1 b5 7. Bb3 d6 8. h3 Na5 9. c3 Nxb3 10. Qxb3 0-0 11. d4 Bb7 12. Qc2 Re8 13. Bg5 exd4 14. cxd4 Bxe4 15. Qd1 h6 16. Bh4 c5 17. Nbd2 Bb7 18. Qc2 Rc8 19. Qf5 cxd4 20. Nxd4 Ne4 21. Bxe7 Qxe7 22. f3 Qf6 23. N2b3 Re5 24. Qxf6 Nxf6 25. Kf2 g6 26. Rac1 Rxe1 27. Rxc8+ Bxc8 28. Kxe1 Nd5 29. Nc1 Kg7 30. Nd3 Kf6 31. Nf2 Bf5 32. g3 Nb4 33. a3 Nd3+ 34. Nxd3 Bxd3 35. Kd2 Bf5 36. h4 Bd7 37. f4 Be6 38. b4 Bd5 39. Ke3 Ba8 40. Kf2 g5 41. hxg5+ hxg5 42. Ke3 gxf4+ 43. gxf4 Kg6 44. Kf2 Kh5 45. Kg3 Be4 46. Ne2 Bc2 47. Nd4 Be4 48. Ne2 Kg6 49. Nd4 Kf6 50. Kf2 1/2-1/2

[Event "Mazowiec-chT 0910"]
[Site "Mazowsze"]
[Date "2010.01.10"]
[Round "3.6"]
[White "Skwarczylo, Marek"]
[Black "Kaliszewski, Tomasz"]
[Result "1-0"]
[WhiteElo "1959"]
[BlackElo "2088"]
[PlyCount "151"]
[EventDate "2009.11.29"]
[EventType "team-tourn"]
[EventRounds "11"]
[EventCountry "POL"]
[SourceTitle "EXT 2011"]
[Source "ChessBase"]
[SourceDate "2010.11.26"]
[SourceVersion "1"]
[SourceVersionDate "2010.11.26"]
[SourceQuality "1"]

1. d4 Nf6 2. Nf3 e6 3. c4 c5 4. d5 b5 5. dxe6 fxe6 6. cxb5 d5 7. e3 Bd6 8. Be2 0-0 9. b3 Nbd7 10. 0-0 Bb7 11. Bb2 e5 12. Ng5 Qe8 13. Nc3 h6 14. Nge4 Nxe4 15. Nxe4 Bc7 16. Ng3 Qe7 17. Rc1 Rac8 18. Bg4 Bb8 19. Nf5 Qf7 20. Nh4 Rfd8 21. Bh5 Qe7 22. Nf5 Qf8 23. Qg4 Nf6 24. Nxh6+ Kh8 25. Nf7+ Qxf7 26. Qxc8 Qe7 27. Qh3 Kg8 28. Bg4 Nxg4 29. Qxg4 d4 30. e4 Rf8 31. Qe2 Bd6 32. Ba3 Kh8 33. Rc2 Rf4 34. f3 Qd7 35. Qd3 c4 36. bxc4 Bxa3 37. Qxa3 d3 38. Rd2 Qd4+ 39. Kh1 Bxe4 40. Qc1 Bg6 41. c5 e4 42. fxe4 Rh4 43. Qe1 Rxe4 44. Qg3 Rg4 45. Qf2 Qc4 46. h3 Rd4 47. c6 Rd5 48. Qxa7 Rxb5 49. c7 Rc5 50. Qb6 Be4 51. Qb3 Qxb3 52. axb3 Rxc7 53. Kg1 Rb7 54. Rb1 Rb4 55. Kf2 Bg6 56. Ke3 Re4+ 57. Kf2 Rb4 58. Rbb2 Rb6 59. b4 Kg8 60. Ke3 Re6+ 61. Kd4 Re8 62. Kc5 Kf7 63. b5 Rc8+ 64. Kd6 Rd8+ 65. Kc7 Ke7 66. b6 Rd7+ 67. Kc6 Be4+ 68. Kc5 Bb7 69. Rb3 Rd5+ 70. Kb4 Rd6 71. Kc3 Rg6 72. Kxd3 Kd7 73. Ke3+ Kc8 74. Rc3+ Bc6 75. Rdc2 Kb7 76. Rxc6 1-0

[Event "Mazowiec-chT 0910"]
[Site "Mazowsze"]
[Date "2009.11.29"]
[Round "1.11"]
[White "Kaliszewski, Tomasz"]
[Black "Pasternak Winiarski, Adam"]
[Result "1-0"]
[WhiteElo "2088"]
[BlackElo "1677"]
[PlyCount "61"]
[EventDate "2009.11.29"]
[EventType "team-tourn"]
[EventRounds "11"]
[EventCountry "POL"]
[SourceTitle "EXT 2011"]
[Source "ChessBase"]
[SourceDate "2010.11.26"]
[SourceVersion "1"]
[SourceVersionDate "2010.11.26"]
[SourceQuality "1"]

1. c4 Nf6 2. Nc3 g6 3. g3 Bg7 4. Bg2 d6 5. d4 0-0 6. Nf3 c5 7. 0-0 Na6 8. Bg5 h6 9. Be3 Ng4 10. Bc1 cxd4 11. Nxd4 Ne5 12. b3 Nb4 13. Bb2 Ned3 14. exd3 Bxd4 15. a3 Nc6 16. Qd2 Kh7 17. b4 a6 18. Nd5 e6 19. Bxd4 Nxd4 20. Qb2 e5 21. f4 f5 22. Rae1 Re8 23. Qxd4 exd4 24. Rxe8 Qxe8 25. Nf6+ Kh8 26. Nxe8 Bd7 27. Nxd6 Bc6 28. Nxb7 Bxg2 29. Kxg2 Re8 30. Kf2 Re7 31. Nc5 1-0

[Event "POL-chT 2nd League"]
[Site "Miedzyzdroje"]
[Date "2009.09.19"]
[Round "8"]
[White "Tustanowski, Robert"]
[Black "Kaliszewski, Tomasz"]
[Result "1/2-1/2"]
[WhiteElo "2292"]
[BlackElo "2080"]
[PlyCount "93"]
[EventDate "2009.09.12"]
[EventType "team-swiss"]
[EventRounds "9"]
[EventCountry "POL"]
[SourceTitle "EXT 2019"]
[Source "ChessBase"]
[SourceDate "2018.10.10"]
[SourceVersion "1"]
[SourceVersionDate "2018.10.10"]
[SourceQuality "1"]
[WhiteTeam "Prudnik LKS Zarzewie"]
[BlackTeam "Izabelin SSz Parazauroloff"]
[WhiteTeamCountry "POL"]
[BlackTeamCountry "POL"]

1. Nf3 Nf6 2. d3 d5 3. g3 g6 4. Bg2 Bg7 5. 0-0 0-0 6. Nbd2 Nbd7 7. e4 e5 8. c3 Re8 9. b4 a5 10. Bb2 c6 11. a3 b5 12. Qc2 Bb7 13. c4 d4 14. c5 Qe7 15. h3 Nf8 16. Kh2 N6d7 17. Ng1 Ne6 18. Ne2 Bh6 19. Nb3 a4 20. Na5 Ra7 21. Nxb7 Rxb7 22. Bc1 Bg7 23. f4 f6 24. f5 Nd8 25. h4 Nf7 26. Bd2 Rbb8 27. Bf3 Nf8 28. Qa2 Kh8 29. fxg6 hxg6 30. h5 g5 31. Bg4 Nh6 32. Kh3 Nxg4 33. Kxg4 Bh6 34. Rf2 Ne6 35. Raf1 Rf8 36. Kf3 Rf7 37. g4 Nf4 38. Ng3 Kh7 39. Nf5 Qd7 40. Bxf4 gxf4 41. Rg2 Bg5 42. Rh1 Rg8 43. Rgh2 Bh6 44. Rg2 Rg5 45. Rhg1 Rf8 46. Kf2 Rfg8 47. Kf3 1/2-1/2

[Event "POL-chT 2nd League"]
[Site "Miedzyzdroje"]
[Date "2009.09.12"]
[Round "1"]
[White "Kuzmicz, Krystian"]
[Black "Kaliszewski, Tomasz"]
[Result "1-0"]
[WhiteElo "2415"]
[BlackElo "2080"]
[PlyCount "107"]
[EventDate "2009.09.12"]
[EventType "team-swiss"]
[EventRounds "9"]
[EventCountry "POL"]
[SourceTitle "EXT 2019"]
[Source "ChessBase"]
[SourceDate "2018.10.10"]
[SourceVersion "1"]
[SourceVersionDate "2018.10.10"]
[SourceQuality "1"]
[WhiteTeam "Pultusk Nadnarwianka"]
[BlackTeam "Izabelin SSz Parazauroloff"]
[WhiteTeamCountry "POL"]
[BlackTeamCountry "POL"]

1. e4 e5 2. Nf3 Nc6 3. Nc3 Nf6 4. a3 d5 5. Bb5 d4 6. Ne2 Bd6 7. Bxc6+ bxc6 8. Ng3 0-0 9. d3 h6 10. 0-0 Bg4 11. h3 Be6 12. Re1 Rb8 13. b3 Qe7 14. Nh4 Kh7 15. Nhf5 Qd7 16. Bd2 Ng8 17. Qc1 Rfe8 18. f4 Bf8 19. Nxg7 Bxg7 20. f5 Bxb3 21. cxb3 Rxb3 22. Qc2 Rb6 23. Nh5 Bf8 24. Ra2 c5 25. g4 Qb5 26. Bc1 Qb3 27. Qe2 c4 28. Rd2 cxd3 29. Qf3 Qc4 30. h4 Rb1 31. Qf1 f6 32. Rxd3 Reb8 33. g5 hxg5 34. hxg5 fxg5 35. Nf6+ Kg7 36. Nd5 Qc6 37. Bxg5 Rxe1 38. Qxe1 Qc2 39. Rd2 Qb1 40. Rd1 Qb3 41. Nxc7 Qf3 42. Rd2 Kf7 43. Ne6 Bxa3 44. Rg2 Rb3 45. Bd2 Be7 46. Rg7+ Ke8 47. Rxg8+ Kf7 48. Rg7+ Ke8 49. Rxe7+ Kxe7 50. Qh4+ Kd6 51. Qd8+ Kc6 52. Qd5+ Kb6 53. Ba5+ Ka6 54. Nc7# 1-0

[Event "Warsaw-ch opA 62nd"]
[Site "Warsaw"]
[Date "2009.09.03"]
[Round "4"]
[White "Kaliszewski, Tomasz"]
[Black "Szwaj, Jacek"]
[Result "1-0"]
[WhiteElo "2082"]
[BlackElo "1848"]
[PlyCount "71"]
[EventDate "2009.08.31"]
[EventType "swiss"]
[EventRounds "9"]
[EventCountry "POL"]
[SourceTitle "CBM 132 Extra"]
[Source "ChessBase"]
[SourceDate "2009.11.03"]
[SourceVersion "1"]
[SourceVersionDate "2009.11.03"]
[SourceQuality "1"]

1. f4 Nf6 2. Nf3 d5 3. b3 Bg4 4. Ne5 Nbd7 5. Nxg4 Nxg4 6. e4 Ngf6 7. e5 Ne4 8. d3 Nec5 9. g3 c6 10. Bb2 e6 11. Nd2 Nb6 12. Bg2 g6 13. 0-0 Qc7 14. Qe2 0-0-0 15. d4 Na6 16. c4 Kb8 17. c5 Nc8 18. Bc3 Qd7 19. b4 Nc7 20. a4 a6 21. Rfb1 Na7 22. Nf3 Be7 23. Bf1 h5 24. Qb2 Rc8 25. b5 cxb5 26. Ba5 Qc6 27. Bxc7+ Kxc7 28. axb5 Nxb5 29. Ra5 Na7 30. Qb6+ Kb8 31. Rxa6 Qxb6 32. Raxb6 Rc7 33. Ba6 Kc8 34. Rxb7 Nc6 35. Rb8+ Kd7 36. Rxh8 1-0

[Event "Warsaw-ch opA 62nd"]
[Site "Warsaw"]
[Date "2009.08.31"]
[Round "2"]
[White "Kaliszewski, Tomasz"]
[Black "Nguyen, Piotr"]
[Result "0-1"]
[WhiteElo "2082"]
[BlackElo "2368"]
[PlyCount "50"]
[EventDate "2009.08.31"]
[EventType "swiss"]
[EventRounds "9"]
[EventCountry "POL"]
[SourceTitle "CBM 132 Extra"]
[Source "ChessBase"]
[SourceDate "2009.11.03"]
[SourceVersion "1"]
[SourceVersionDate "2009.11.03"]
[SourceQuality "1"]

1. Nf3 g6 2. c4 Bg7 3. Nc3 c5 4. g3 Nc6 5. Bg2 e5 6. d3 Nge7 7. e4 d6 8. h3 0-0 9. 0-0 h6 10. a3 f5 11. b4 cxb4 12. axb4 Nxb4 13. Qb3 Nxd3 14. c5+ d5 15. exd5 Kh7 16. Ba3 e4 17. d6 Nc6 18. Rfd1 exf3 19. Rxd3 fxg2 20. d7 Bxd7 21. Rad1 Ne5 22. Rxd7 Nxd7 23. c6 Qb6 24. Qxb6 Nxb6 25. cxb7 Bxc3 0-1

[Event "Warsaw Najdorf Memorial op-A 07th"]
[Site "Warsaw"]
[Date "2009.07.26"]
[Round "9"]
[White "Kaliszewski, Tomasz"]
[Black "Pietruszewski, Marcin"]
[Result "0-1"]
[WhiteElo "2082"]
[BlackElo "2037"]
[PlyCount "154"]
[EventDate "2009.07.18"]
[EventType "swiss"]
[EventRounds "9"]
[EventCountry "POL"]
[SourceTitle "CBM 131 Extra"]
[Source "ChessBase"]
[SourceDate "2009.09.03"]
[SourceVersion "2"]
[SourceVersionDate "2009.09.16"]
[SourceQuality "1"]

1. e4 c5 2. Nf3 e6 3. c4 Nc6 4. Nc3 a6 5. d4 cxd4 6. Nxd4 Qc7 7. a3 Nf6 8. Be3 Ne5 9. h3 d6 10. Rc1 Be7 11. Be2 0-0 12. 0-0 b6 13. f4 Ned7 14. b4 Bb7 15. Bd3 Rfe8 16. Qe2 Bf8 17. Bf2 Rac8 18. Nf3 g6 19. Bg3 Nh5 20. Bh2 Bh6 21. Nd2 e5 22. g3 d5 23. f5 dxc4 24. Bxc4 Nhf6 25. fxg6 hxg6 26. Bd3 Qd6 27. Nf3 Bxc1 28. Rxc1 Rc7 29. Bxa6 Bxa6 30. Qxa6 Nxe4 31. Rd1 Qc6 32. Nd5 Qc2 33. Rf1 Rc6 34. g4 Rd6 35. Qb5 Qb3 36. Nc7 Re7 37. Qe2 Qd3 38. Re1 Qxe2 39. Rxe2 Nc3 40. Rc2 Rd1+ 41. Kg2 Nd5 42. Nxd5 Rxd5 43. Nd2 e4 44. Rc8+ Kg7 45. Nc4 e3 46. Bg3 b5 47. Nd6 Rd2+ 48. Kf3 e2 49. Ne8+ Kh7 50. Be1 Rd1 51. Kf2 f5 52. g5 Kg8 53. Nd6+ Nf8 54. Nxb5 f4 55. Rc3 Re5 56. Rc5 Re3 57. Nc3 Rxe1 58. Kxe1 f3 59. Nxe2 Rxe2+ 60. Kf1 Ra2 61. Rc3 f2 62. b5 Nd7 63. Rc8+ Kf7 64. Rc3 Ke6 65. Rf3 Kd6 66. Rxf2 Rxa3 67. Kg2 Rb3 68. Rd2+ Ke6 69. Ra2 Rxb5 70. h4 Rb3 71. Ra4 Kf5 72. Rc4 Ne5 73. Rd4 Rc3 74. Rd8 Kg4 75. Re8 Rc2+ 76. Kf1 Nf3 77. h5 Kg3 0-1

[Event "Warsaw Najdorf Memorial op-A 07th"]
[Site "Warsaw"]
[Date "2009.07.20"]
[Round "3"]
[White "Krainski, Aleksander"]
[Black "Kaliszewski, Tomasz"]
[Result "1-0"]
[WhiteElo "2288"]
[BlackElo "2082"]
[PlyCount "53"]
[EventDate "2009.07.18"]
[EventType "swiss"]
[EventRounds "9"]
[EventCountry "POL"]
[SourceTitle "CBM 131 Extra"]
[Source "ChessBase"]
[SourceDate "2009.09.03"]
[SourceVersion "2"]
[SourceVersionDate "2009.09.16"]
[SourceQuality "1"]

1. d4 d5 2. Nf3 Nf6 3. c4 c6 4. e3 e6 5. Nbd2 Nbd7 6. Bd3 Bd6 7. 0-0 0-0 8. e4 e5 9. cxd5 cxd5 10. exd5 exd4 11. Ne4 Nxe4 12. Bxe4 Nf6 13. Bc2 Be7 14. Re1 Bb4 15. Bd2 Bxd2 16. Qxd2 Qxd5 17. Bb3 Qd6 18. Qxd4 Qxd4 19. Nxd4 Re8 20. Nb5 b6 21. Nc7 Rxe1+ 22. Rxe1 Rb8 23. Re7 a5 24. Rxf7 a4 25. Bc4 b5 26. Nxb5 Rxb5 27. Rxf6+ 1-0

[Event "Mazowiec-chT"]
[Site "Mazowsze"]
[Date "2009.03.01"]
[Round "4"]
[White "Kaliszewski, Tomasz"]
[Black "Wojtaszewski, Piotr"]
[Result "0-1"]
[WhiteElo "2082"]
[BlackElo "1992"]
[PlyCount "104"]
[EventDate "2009.01.11"]
[EventType "team-tourn"]
[EventRounds "10"]
[EventCountry "POL"]
[SourceTitle "EXT 2013"]
[Source "ChessBase"]
[SourceDate "2012.11.22"]
[SourceVersion "1"]
[SourceVersionDate "2012.11.22"]
[SourceQuality "1"]

1. e4 g6 2. d4 Bg7 3. Nc3 d6 4. f4 Nf6 5. Nf3 0-0 6. Be2 c6 7. 0-0 b5 8. e5 Ne8 9. a4 b4 10. Ne4 f5 11. exf6 exf6 12. c3 f5 13. Nf2 bxc3 14. bxc3 Nf6 15. Bc4+ d5 16. Bd3 Ne4 17. Bxe4 fxe4 18. Ne5 Qc7 19. Qb3 Kh8 20. Nfg4 Nd7 21. Ba3 Nxe5 22. Nxe5 Re8 23. Bd6 Qb6 24. Qc2 Kg8 25. Rab1 Qd8 26. Bc5 Bxe5 27. fxe5 Ba6 28. Rfd1 Bd3 29. Rxd3 exd3 30. Qxd3 Rb8 31. Re1 Qd7 32. Qe3 Qf5 33. Bb4 Qe6 34. a5 Rb7 35. h3 Rf7 36. Kh1 Kg7 37. Bc5 Rb8 38. Bb4 h6 39. Qg3 Rbb7 40. Ra1 Rf5 41. Kh2 Rg5 42. Qe3 Rf7 43. Bc5 Rh5 44. Rb1 g5 45. Rb8 g4 46. Qe2 Rg5 47. hxg4 Rxg4 48. Rd8 Qf5 49. e6 Qf4+ 50. Kg1 Qc1+ 51. Kh2 Rh4+ 52. Kg3 Qg5+ 0-1

[Event "Mazowiec-chT"]
[Site "Mazowsze"]
[Date "2009.01.11"]
[Round "1"]
[White "Kaliszewski, Tomasz"]
[Black "Wengierow, Michal"]
[Result "0-1"]
[WhiteElo "2082"]
[BlackElo "2108"]
[PlyCount "62"]
[EventDate "2009.01.11"]
[EventType "team-tourn"]
[EventRounds "10"]
[EventCountry "POL"]
[SourceTitle "EXT 2013"]
[Source "ChessBase"]
[SourceDate "2012.11.22"]
[SourceVersion "1"]
[SourceVersionDate "2012.11.22"]
[SourceQuality "1"]

1. e4 c5 2. Nf3 d6 3. d4 cxd4 4. Nxd4 Nf6 5. Nc3 a6 6. Bg5 Nbd7 7. f4 g6 8. Qe2 Qc7 9. 0-0-0 Bg7 10. Nf3 Nb6 11. e5 dxe5 12. Nxe5 Be6 13. g4 Nfd5 14. Nxd5 Bxd5 15. Rxd5 Nxd5 16. Bg2 Nf6 17. Rd1 0-0 18. Qf3 Rad8 19. Nd3 Nd5 20. f5 Qc4 21. Ne5 Bxe5 22. Rxd5 Rxd5 23. Qxd5 Bf4+ 24. Bxf4 Qxf4+ 25. Kb1 Qxg4 26. fxg6 hxg6 27. a3 b5 28. Bf3 Qg1+ 29. Ka2 Qxh2 30. Be4 Qd6 31. Qb3 Rd8 0-1